Statistics for Brazilian Cities Map Quiz

Click here to take the quiz!

General Stats

  • This quiz has been taken 245 times
  • The average score is 14 of 24

Answers on the Map

Answers color-coded by a green-red scale on the quiz's map according to % correct below.
 

Answer Stats

Answer% Correct
Sao Paulo
89%
Brasília
88%
Rio de Janeiro
87%
Manaus
81%
Porto Alegre
75%
Belem
69%
Belo Horizonte
69%
Salvador
66%
Fortaleza
65%
Recife
65%
Curitiba
64%
Goiania
56%
Florianopolis
54%
Foz do Iguacu
51%
Vitoria
49%
Campo Grande
48%
Cuiaba
47%
Natal
47%
Sao Luis
47%
Boa Vista
45%
Rio Branco
42%
Macapa
39%
Chapeco
35%
Aracaju
34%

Score Distribution

Percentile by Number Answered

Percent of People with Each Score

Your Score History

You have not taken this quiz